Enemies and neighbors: (Record no. 1435293)
[ view plain ]
| 000 -LEADER | |
|---|---|
| fixed length control field | 00848 a2200241 4500 |
| 005 - DATE AND TIME OF LATEST TRANSACTION | |
| control field | 20260413130554.0 |
| 008 - FIXED-LENGTH DATA ELEMENTS--GENERAL INFORMATION | |
| fixed length control field | 251201b |||||||| |||| 00| 0 eng d |
| 020 ## - INTERNATIONAL STANDARD BOOK NUMBER | |
| International Standard Book Number | 9780141979144 (pbk) |
| 037 ## - SOURCE OF ACQUISITION | |
| Terms of availability | TB |
| 040 ## - CATALOGING SOURCE | |
| Original cataloging agency | CRL |
| Transcribing agency | CRL |
| 041 ## - LANGUAGE CODE | |
| Source of code | eng |
| Language code of text/sound track or separate title | eng |
| 084 ## - COLON CLASSIFICATION NUMBER | |
| Classification number | V4653.P1 Q7 |
| Assigning agency | CRL |
| 100 ## - MAIN ENTRY--PERSONAL NAME | |
| Personal name | Black, Ian |
| 9 (RLIN) | 820937 |
| 245 ## - TITLE STATEMENT | |
| Title | Enemies and neighbors: |
| Remainder of title | Arabs and Jews in Palestine and Israel,1917-2017 |
| 260 ## - PUBLICATION, DISTRIBUTION, ETC. | |
| Name of publisher, distributor, etc. | Penguin Books, |
| Date of publication, distribution, etc. | 2017. |
| Place of publication, distribution, etc. | London, UK: |
| 300 ## - PHYSICAL DESCRIPTION | |
| Extent | xxii, 605p. |
| 365 ## - TRADE PRICE | |
| Price amount | 1699.00 |
| Currency code | INR |
| 650 ## - SUBJECT ADDED ENTRY--TOPICAL TERM | |
| Topical term or geographic name entry element | Israle - History |
| 9 (RLIN) | 853736 |
| 650 ## - SUBJECT ADDED ENTRY--TOPICAL TERM | |
| Topical term or geographic name entry element | Israel - Ethnic Relations - History |
| 9 (RLIN) | 853738 |
| 650 ## - SUBJECT ADDED ENTRY--TOPICAL TERM | |
| Topical term or geographic name entry element | Jews - Israel - Social Conditions |
| 9 (RLIN) | 853739 |
| 942 ## - ADDED ENTRY ELEMENTS (KOHA) | |
| Koha item type | Textbook |
| Source of classification or shelving scheme | Colon Classification (CC) |
| Suppress in OPAC | No |
| Classification part | V4653.P1 Q7 |
| Withdrawn status | Lost status | Source of classification or shelving scheme | Damaged status | Not for loan | Home library | Current library | Date acquired | Source of acquisition | Cost, normal purchase price | Inventory number | Total Checkouts | Full call number | Barcode | Date last seen | Price effective from | Koha item type |
|---|---|---|---|---|---|---|---|---|---|---|---|---|---|---|---|---|
| Colon Classification (CC) | Central Library | Central Library | 2025-12-31 | Shivam Book Service | 1699.00 | 35 & 07-10-25 | V4653.P1 Q7 | CL1924136 | 2025-12-31 | 2025-12-31 | Textbook |
